Colors in spanish - Statistics

General Stats
  • This quiz has been taken 216 times
  • The average score is 8 of 11
Answer Stats
Hint Answer % Correct
Red Rojo
96%
Blue Azul
93%
Green Verde
89%
Yellow Amarillo
79%
Black Negro
74%
White Blanco
71%
Orange Naranja
64%
Pink Rosa
60%
Brown Marrón
53%
Gray Gris
50%
Purple Morado
28%
No matching quizzes found
Score Distribution
Percent of People with Each Score
Percentile by Number Answered
Your Score History
You have not taken this quiz